[Event "IND-ch (Women) 38th"]
[Site "Chennai"]
[Date "2011.11.06"]
[Round "8"]
[White "Ramaswamy, Aarthie"]
[Black "Shweta, Gole"]
[Result "1-0"]
[WhiteElo "2209"]
[BlackElo "1999"]
[PlyCount "145"]
[EventDate "2011.10.29"]
[EventType "swiss"]
[EventRounds "11"]
[EventCountry "IND"]
[SourceTitle "EXT 2012"]
[Source "ChessBase"]
[SourceDate "2011.11.24"]
[SourceVersion "1"]
[SourceVersionDate "2011.11.24"]
[SourceQuality "1"]

1. e4 e6 2. d4 d5 3. Nd2 Nf6 4. e5 Nfd7 5. c3 c5 6. Bd3 Nc6 7. Ngf3 Be7 8. 0-0 g5 9. dxc5 g4 10. Nd4 Ndxe5 11. N2b3 Nxd3 12. Qxd3 e5 13. Nxc6 bxc6 14. Bh6 Bf6 15. f3 Rg8 16. Rae1 Be6 17. f4 e4 18. Qe3 Bf5 19. Bg5 Bxg5 20. fxg5 Qxg5 21. Qg3 h5 22. Na5 Bd7 23. Nb7 Rg7 24. Re2 Kf8 25. Ref2 Kg8 26. Nd6 h4 27. Qf4 g3 28. Rc2 gxh2+ 29. Kxh2 Qh5 30. Nf5 Bxf5 31. Qxf5 Rg5 32. Qf6 e3 33. Rf3 Re8 34. Re2 Rg3 35. Qf4 Rxf3 36. gxf3 Qe5 37. Qxe5 Rxe5 38. Kh3 Kg7 39. Kxh4 Kf6 40. Kg4 d4 41. cxd4 Rd5 42. Rxe3 Rxd4+ 43. f4 Rd2 44. b4 Rxa2 45. Rd3 Rb2 46. Rd6+ Kg7 47. Rxc6 Rxb4 48. Kf5 Rc4 49. Ke5 a5 50. Rc8 a4 51. Kd5 Rc3 52. Ra8 a3 53. Kd4 Rc1 54. Rxa3 Kf6 55. Kd5 Ke7 56. Kc6 Rc4 57. Re3+ Kd8 58. Rd3+ Ke7 59. f5 Rc1 60. Kb6 Rc2 61. Rd5 Rb2+ 62. Kc7 Rc2 63. c6 Ra2 64. Kb7 Rb2+ 65. Kc8 Rc2 66. c7 Rc1 67. Kb7 Rb1+ 68. Kc6 Rc1+ 69. Rc5 Rxc5+ 70. Kxc5 Kd7 71. Kb6 Kc8 72. Kc6 f6 73. Kd6 1-0

[Event "Wch U20 Girls 29th"]
[Site "Chennai"]
[Date "2011.08.06"]
[Round "5"]
[White "Hoang, Thi Nhu Y"]
[Black "Shweta, Gole"]
[Result "0-1"]
[WhiteElo "2204"]
[BlackElo "1922"]
[PlyCount "88"]
[EventDate "2011.08.02"]
[EventType "swiss"]
[EventRounds "13"]
[EventCountry "IND"]
[SourceTitle "CBM 143 Extra"]
[Source "ChessBase"]
[SourceDate "2011.08.29"]
[SourceVersion "1"]
[SourceVersionDate "2011.08.29"]
[SourceQuality "1"]

1. c4 c5 2. Nc3 Nc6 3. g3 e5 4. Bg2 g6 5. d3 Bg7 6. Be3 d6 7. Qc1 Nd4 8. Rb1 Rb8 9. a3 Ne7 10. b4 Nef5 11. Bd2 b6 12. e3 Ne6 13. Nf3 Ne7 14. h4 h6 15. Nd5 Nc7 16. Nxc7+ Qxc7 17. e4 Nc6 18. b5 Nd8 19. Ng1 Ne6 20. Ne2 Bb7 21. f4 f5 22. 0-0 Nd4 23. Nc3 fxe4 24. dxe4 h5 25. f5 gxf5 26. exf5 Qf7 27. f6 Bf8 28. Nd5 Ne2+ 29. Kh2 Nxc1 30. Rbxc1 Bh6 31. Rcd1 Bxd2 32. Rxd2 Kf8 33. Bh3 Bxd5 34. cxd5 Rb7 35. Be6 Qg6 36. Rdf2 Qd3 37. f7 Rh6 38. Rf5 Rg6 39. R1f3 Qc2+ 40. Rf2 Qd1 41. Rg5 Rxg5 42. hxg5 Qe1 43. Kg2 Qe4+ 44. Kh3 Re7 0-1